000 00708nam a22002057a 4500
999 _c17260
_d17260
003 AR-CdUCM
008 190507b ||||| |||| 00| 0 spa d
040 _aMUNICIPALIDAD PROVINCIAL DEL CUSCO
_cBIBLIOTECA MUNICIPAL DEL CUSCO
082 _a985.04 /
_bV21
100 _aValega, J. M.
_924316
245 _aLa gesta emancipadora del Perú :
_b1822 -1823 /
260 _aLima :
_bUniversidad Mayor de San Marcos,
_c1941.
300 _a240 páginas ;
_c18 cm.
505 _aContenido: t.4: Mision de San Martín -- La ultima proclama de San Martin -- Acusaciones a San Martín...
650 _aPerú
_935
650 _aHistoria
_9136
650 _aIndependencia
_9625
942 _2ddc
_cLIBROS
945 _arcc